| 000 | 00415nam a2200157Ia 4500 | ||
|---|---|---|---|
| 005 | 20241015043240.0 | ||
| 008 | 240331s9999 xx 000 0 und d | ||
| 020 | _a3875124065 | ||
| 082 |
_bRAN _a820 |
||
| 100 | _aRanasinghe, A | ||
| 245 | 0 |
_aDu Fragst Mich, Warum Ich Gedichte Schreibe : _byou ask me why i write poems |
|
| 260 |
_aUSA _bTriton College _c1994 |
||
| 300 | _a71 p ., | ||
| 650 | _aPoems | ||
| 942 | _cL | ||
| 999 |
_c4351 _d4351 |
||